| 000 | 005960000a22001810004500 | ||
|---|---|---|---|
| 003 | MACL | ||
| 005 | 20160128134826.0 | ||
| 008 | 160128b xxu||||| |||| 00| 0 eng d | ||
| 040 |
_aMACL _cMACL |
||
| 041 | _aHindi | ||
| 082 | _a363.2/GUP | ||
| 100 |
_aआर गुप्ता कृत _934918 |
||
| 245 | _aकेन्द्रीय औघोगिक सुरक्षा बल | ||
| 260 |
_bरमेश पब्लिशिंग हाउस _c2003 _aनई दिल्ली |
||
| 350 | _a75 | ||
| 650 |
_aSocial Problem Services _934919 |
||
| 942 |
_cHIN _k363.2/GUP _2ddc |
||
| 999 |
_c30665 _d30665 |
||